Epítome histórico de la gran villa de Fregenal, provincia de Andalucía Baja (Record no. 153671)

MARC details
000 -LEADER
campo de control de longitud fija 00683nam a2200181 4500
001 - NÚMERO DE CONTROL
campo de control 153671
003 - IDENTIFICADOR DE NÚMERO DE CONTROL
campo de control ES-MaACL
005 - FECHA Y HORA DE LA ÚLTIMA TRANSACCIÓN
campo de control 20230906205331.0
008 - DATOS DE LONGITUD FIJA--INFORMACIÓN GENERAL
campo de control de longitud fija 950410s1843 sp |||| | spa d
040 ## - FUENTE DE CATALOGACIÓN
Centro catalogador/agencia de origen EUS
Lengua de catalogación spa
Centro/agencia transcriptor EUS
080 ## - NÚMERO DE LA CLASIFICACIÓN DECIMAL UNIVERSAL
Número de la Clasificación Decimal Universal 94(460.253 Fregenal)
100 1# - ENTRADA PRINCIPAL--NOMBRE DE PERSONA
Nombre de persona Sánchez Cid, Antonio María.
9 (RLIN) 133007
245 10 - MENCIÓN DEL TÍTULO
Título Epítome histórico de la gran villa de Fregenal, provincia de Andalucía Baja
Resto del título : cuyas interesantes noticas han sido tomadas de antiguos y modernos autores /
Mención de responsabilidad, etc. las publica Antonio María Sánchez Cid.
260 ## - PUBLICACIÓN, DISTRIBUCIÓN, ETC.
Lugar de publicación, distribución, etc. Sevilla :
Nombre del editor, distribuidor, etc. [s.n.],
Fecha de publicación, distribución, etc. 1843.
300 ## - DESCRIPCIÓN FÍSICA
Extensión VIII, 333 p. ;
Dimensiones 19 cm.
651 #4 - PUNTO DE ACCESO ADICIONAL DE MATERIA--NOMBRE GEOGRÁFICO
Nombre geográfico Fregenal-
Subdivisión general Historia.
9 (RLIN) 138872
852 ## - LOCALIZACIÓN
Ubicación ES-MaACL
Número de control de estantería D-2928
Holdings
Estatus retirado Estado de pérdida Estado de daño No para préstamo Colección Biblioteca de origen Biblioteca actual Ubicación en estantería Fecha de adquisición Total de préstamos Signatura topográfica completa Código de barras Visto por última vez Precio de reemplazo Tipo de ítem Koha
        Libros del s. XIX Biblioteca del Ateneo de Madrid Biblioteca del Ateneo de Madrid Sala Valle Inclán 17/01/2008   D-2928 901160652 23/02/2023 23/02/2023 Libro impreso antiguo